000 00608nam a22002055i 4500
001 177573
003 ES-MaACL
005 20230906220351.0
008 110404s1992 sp |||| | spa d
020 _a84-87153-46-1
080 _a821.134.2-14"19"
100 1 _aJover Jaume, Javier.
_9145948
245 1 3 _aLa luz que nunca yerra /
_cJavier Jover.
260 _aAlcalá de Henares :
_bFundación Colegio del Rey,
_cimp. 1992.
300 _a86 p. ;
_c21 cm.
490 1 _aAlcalá-Poesía ;
_v17
830 0 _aAlcalá-Poesía ;
_v17
_9189789
852 _aES-MaACL
_jE-14781
999 _c177573
_d177573